000 00428nam a2200157Ia 4500
005 20250516021131.0
008 240331s9999 xx 000 0 und d
082 _a294
_bTHO
100 _aThomas, E.J
245 0 _aBauddha chinthawe ithihasaya
250 _a2nd
260 _aNugegoda
_bM.D.Gunasena Books
_c1966
300 _a460 p .,
500 _aa Book of Sinhalese Translation of The History of Buddhist Thought
942 _cL
999 _c908
_d908